[Event "9th LCC FIDE Open 2017"]
[Site "London"]
[Date "2017.12.03"]
[Round "2"]
[White "Nihal Sarin"]
[Black "Yuan, Yuanling"]
[Result "1-0"]
[WhiteElo "2507"]
[BlackElo "2243"]
[Annotator "TA"]
[PlyCount "55"]
[EventDate "2017.??.??"]
[EventCountry "ENG"]
[SourceTitle "playchess.com"]
[Source "ChessBase"]
[SourceQuality "1"]

{[%evp 10,55,44,22,21,16,31,22,20,23,58,41,52,49,61,23,83,85,87,18,10,0,6,20,71,10,35,-39,-42,-55,-58,-48,56,46,50,44,98,95,76,99,69,65,75,51,190,208,204,203]} 1. d4 Nf6 2. Bf4 g6 3. Nc3 Bg7 4. e4 d6 5. Qd2 c6 6. O-O-O {LiveBook: 5 Games. B07: Pirc Defence: Miscellaneous Systems} (6. Nf3 b5 7. a3 O-O 8. h3 Bb7 9. O-O-O b4 10. axb4 a5 11. b5 cxb5 12. e5 b4 13. exf6 bxc3 14. Qxc3 Bxf6 {1-0 (46) Rodshtein,M (2699)-Mchedlishvili,M (2604) Heraklio 2017}) 6... b5 7. f3 Qa5 8. Kb1 {White is slightly better.} b4 9. Nce2 $1 {[%cal Bc3e2,Be2c1,Bc1b3][%mdl 32]} Be6 10. Nc1 h5 $146 ({Predecessor:} 10... Nbd7 11. Nge2 Rb8 12. Bh6 Bxh6 13. Qxh6 Bc4 {1-0 (28) Colovic,D (2356)-Kler,B (2211) Senta 2007}) 11. h4 Nbd7 12. Nh3 Nb6 (12... Bxh3 $1 $11 13. Rxh3 Qb6) 13. Nb3 $16 Qa4 14. Ng5 (14. e5 $16 dxe5 15. dxe5) 14... Bc4 $1 $11 15. e5 dxe5 $1 16. Bxe5 {Strongly threatening Bxc4.} O-O (16... Qb5 $11) 17. Bd3 (17. g4 $16) 17... Qb5 18. Rhe1 ({White should try} 18. g4 $14) 18... a5 $15 {[%cal Ba7a5,Ba5a4][%mdl 32]} 19. Nc5 a4 20. g4 b3 ({Better is} 20... Bxd3 $15 21. Qxd3 hxg4) 21. cxb3 axb3 22. a3 Rfd8 {[#]} (22... Bxd3+ $14 23. Qxd3 Nbd5) 23. gxh5 $1 $16 Nxh5 24. Bxg7 Nxg7 25. Qf4 {aiming for Nxf7!} (25. Rxe7 $2 Rxd4 26. Nce4 (26. Nge4 $2 Nf5 $19) 26... Nf5 $19) (25. Bxc4 Qxc4 26. Qc1 (26. Rxe7 $2 Rxd4 27. Qc1 Qxc5 $19) 26... Nf5 $15) 25... Nh5 26. Qe4 (26. Qe5 $5 {[%cal Rg5f7]} Nd7 27. Qxe7 Nxc5 28. Bxc4 Qxc4 29. Qxc5 Rxd4 30. Qxc4 (30. Qxd4 $2 {is a self mate.} Qc2+ 31. Ka1 Rxa3+ 32. bxa3 Qa2#) 30... Rxc4 31. Re3 $14) 26... Nd5 {[#]} (26... Nf6 $14 27. Qe5 (27. Qxe7 Re8 $17) 27... Nbd7) 27. Nxf7 $1 $18 {[%mdl 512]} Bxd3+ (27... Kxf7 28. Qxg6+) 28. Nxd3 {Precision: White = 37%, Black = 31%.} ({And not} 28. Rxd3 Kxf7 29. Rxb3 Qa5 $11) 1-0

[Event "9th LCC FIDE Open 2017"]
[Site "London"]
[Date "2017.12.03"]
[Round "2"]
[White "Fernandez, Daniel Howard"]
[Black "Bremner, Adam"]
[Result "1-0"]
[WhiteElo "2500"]
[BlackElo "2231"]
[Annotator "TA"]
[PlyCount "61"]
[EventDate "2017.??.??"]
[EventCountry "ENG"]
[SourceTitle "playchess.com"]
[Source "ChessBase"]
[SourceQuality "1"]

{[%evp 11,61,4,17,-8,-4,-36,-20,-39,-30,-29,-32,-32,-32,-36,-35,-27,0,0,20,20,21,25,36,12,12,12,14,12,17,15,15,6,6,0,9,4,25,7,20,1,48,46,619,620,616,612,599,583,563,547,539,535]} 1. e4 c5 2. Nf3 g6 3. d4 cxd4 4. c3 dxc3 5. Nxc3 Bg7 6. Bc4 Nc6 {LiveBook: 14 Games} 7. h3 {B21: Sicilian: 2 f4 and Morra Gambit} (7. e5 $5) (7. e5 Nxe5 8. Nxe5 Bxe5 9. Bxf7+ Kxf7 10. Qd5+ Kg7 11. Qxe5+ Nf6 12. O-O d6 13. Qe2 Bd7 14. Bg5 Bc6 15. Rfe1 {1-0 (73) Daus,P (2406)-Simon,R (2443) ICCF email 2012}) 7... d6 8. Ng5 $146 ({Predecessor:} 8. O-O Nf6 9. Qe2 O-O 10. Rd1 Nd7 11. Be3 Nb6 12. Bb5 a6 13. Bd3 Be6 14. Ng5 Ne5 15. Nxe6 fxe6 16. Rac1 Rc8 17. Bc2 Nbc4 18. Bb3 {0-1 (31) Gaut vel Hartman,S (2173)-Da Silva,F (2286) Liape email 2002}) 8... Ne5 9. Bb3 {The position is equal.} h6 10. Nf3 ({Not} 10. Nxf7 $2 Nxf7 11. Be3 e6 $19) 10... Nxf3+ 11. Qxf3 Nf6 12. O-O O-O 13. Be3 Be6 14. e5 Nd7 15. exd6 Bxb3 16. axb3 exd6 17. Qxb7 Rb8 18. Qd5 Nf6 19. Qc4 d5 20. Qa4 a5 21. Bc5 $36 {[%mdl 2048] White has good play.} Re8 22. Rfd1 Qc7 23. Bd4 Qb7 24. Bxf6 Bxf6 25. Nxd5 Bxb2 26. Rab1 Qxb3 $2 {[%mdl 8192] [#]} (26... Bg7 $14) 27. Nf6+ $1 $18 {[%mdl 512] White is clearly winning.} Kf8 (27... Bxf6 28. Rxb3) 28. Qxb3 Rxb3 29. Nxe8 a4 30. Nd6 Rb4 {Now ...a3 and Black clings on.} 31. Nc4 {Precision: White = 61%, Black = 50%.} 1-0

[Event "9th LCC FIDE Open 2017"]
[Site "London"]
[Date "2017.12.03"]
[Round "2"]
[White "Bellaiche, Anthony"]
[Black "Stigar, Petter"]
[Result "1-0"]
[WhiteElo "2499"]
[BlackElo "2214"]
[Annotator "TA"]
[PlyCount "57"]
[EventDate "2017.??.??"]
[EventCountry "ENG"]
[SourceTitle "playchess.com"]
[Source "ChessBase"]
[SourceQuality "1"]

{[%evp 19,57,21,37,15,14,0,17,10,44,44,60,44,52,25,25,20,12,12,21,16,34,24,37,19,58,27,22,20,24,41,52,48,44,32,27,41,221,214,1079,1114]} 1. d4 d5 2. c4 dxc4 3. Nf3 Nf6 4. e3 b5 5. a4 b4 6. Bxc4 {D25: Queen's Gambit Accepted: 4 e3: sidelines and 4...Bg4} e6 7. O-O Be7 8. Qe2 (8. Nbd2 O-O 9. b3 Bb7 10. Bb2 Nbd7 11. Qe2 c5 {1-0 (36) Riazantsev,A (2671)-Piorun,K (2657) Tallinn 2016}) 8... O-O 9. Rd1 Bb7 10. Nbd2 c5 {LiveBook: 6 Games} 11. Nb3 Nbd7 12. a5 Qc7 13. Bd2 $146 cxd4 14. Nfxd4 Rac8 15. Rac1 {[#] Black must now prevent Nxe6!} Qb8 16. Ba6 Nc5 17. Bxb7 Qxb7 18. Nxc5 Bxc5 19. Nb3 Be7 20. a6 Qb8 21. Qf3 Bd6 22. g3 (22. Qb7 {keeps more tension.} Rcd8 23. Qxb8 Rxb8 24. Na5 Rb6 25. Rc6) 22... Qb6 23. Qe2 Ne4 24. Be1 Rfd8 25. Rxc8 Rxc8 26. Qd3 f5 $1 27. Nd4 {[%cal Bb3d4,Bd4f5,Bf5e7][%mdl 32]} Be5 $2 {[#]} (27... Bf8 $14) 28. Nxf5 $1 $18 {[%mdl 512]} Nc5 $2 (28... exf5 29. Qd5+ Kh8) 29. Ne7+ {Precision: White = 83%, Black = 57%.} 1-0

[Event "9th LCC FIDE Open 2017"]
[Site "London"]
[Date "2017.12.03"]
[Round "2"]
[White "Fenil, Shah"]
[Black "Sargissian, Gabriel"]
[Result "0-1"]
[WhiteElo "2324"]
[BlackElo "2672"]
[Annotator "TA"]
[PlyCount "98"]
[EventDate "2017.??.??"]
[EventCountry "ENG"]
[SourceTitle "playchess.com"]
[Source "ChessBase"]
[SourceQuality "1"]

{[%evp 15,98,10,6,2,4,16,18,0,28,0,4,-2,5,9,0,0,2,-21,-8,-30,-32,-28,-27,-25,-20,-32,-29,-17,-28,-82,-19,-25,-21,-22,-18,-21,-11,-12,-22,-22,-22,-25,-25,-25,-25,-11,-11,-11,-10,-19,-7,-13,-4,-4,-4,-6,0,-9,-10,-52,-52,-52,-52,-70,-68,-114,-107,-141,-141,-166,-161,-246,-242,-244,-244,-270,-278,-564,-534,-536,-331,-5018,-5002,-4698,-4690]} 1. d4 Nf6 2. c4 e6 3. g3 d5 4. Bg2 Bb4+ 5. Nd2 O-O 6. Ngf3 b6 7. O-O Bb7 8. Ne5 Nc6 {LiveBook: 4 Games. E16: Queen's Indian: 4 g3 Bb7 5 Bg2 Bb4+} (8... Nbd7 9. Qa4 Bd6 10. Nxd7 Qxd7 11. Qxd7 Nxd7 12. cxd5 Bxd5 13. e4 Bb7 14. Rd1 Be7 15. Nc4 Nf6 16. f3 c5 {½-½ (46) Lenderman,A (2565)-Anand,V (2794) Douglas 2017}) 9. Qa4 a5 $146 ({Predecessor:} 9... Bd6 10. cxd5 exd5 11. Ndf3 Qe8 12. Nxc6 Bxc6 13. Qc2 Bb7 14. Ne5 Qe6 15. Nc4 Be7 16. Ne3 {½-½ (59) Tari,A (2487)-Grandelius,N (2602) Caleta 2015}) 10. Nxc6 Qe8 {The position is equal.} 11. a3 Bd6 12. Qc2 {aiming for Ne5.} Bxc6 13. Re1 Rc8 14. b3 dxc4 15. Bxc6 Qxc6 16. Qxc4 Qb7 17. e4 {Hoping for e5.} Be7 18. e5 Nd7 {[%cal Bf6d7,Bd7f8,Bf8g6][%mdl 32]} 19. Ne4 Rfd8 20. Bg5 Bxg5 21. Nxg5 Nf8 22. Rac1 (22. Ne4 $11) 22... Rd7 ({Better is} 22... c5 $1 $17 23. dxc5 Rxc5) 23. Qc3 Qd5 24. Nf3 Ng6 25. Qc6 Ne7 26. Qxd5 Rxd5 27. Rc3 h6 28. Rec1 c6 29. h4 Rcd8 30. Kg2 Rb5 31. R1c2 Kf8 32. Rd3 c5 33. Rcd2 cxd4 34. Rxd4 Rxd4 35. Rxd4 $11 {[%cal Rd4d8][%mdl 4096] Endgame KRN-KRN} Ke8 36. Rd3 Rc5 37. Kf1 Nc6 38. Re3 b5 39. Ke1 Rc1+ 40. Ke2 Rc2+ 41. Ke1 Ra2 $1 42. Rc3 Kd7 43. Rc5 (43. b4 {was called for.}) 43... Rxa3 $19 44. Rxb5 {[#]} a4 $1 {[%cal Ba5a4,Ba4b3,Bb3b2][%mdl 32]} 45. Rb7+ {[#]} Kc8 $1 {[%cal Rc8b7]} 46. Rxf7 $2 (46. Rb5) 46... axb3 47. Nd2 b2 48. Rxg7 $2 (48. Rf8+ Kb7 49. Rf7+ Ka6 50. Nb1) 48... Ra1+ 49. Ke2 Nd4+ {Precision: White = 41%, Black = 72%.} 0-1

[Event "9th LCC FIDE Open 2017"]
[Site "London"]
[Date "2017.12.03"]
[Round "2"]
[White "Paterek, Michal"]
[Black "Nabaty, Tamir"]
[Result "1/2-1/2"]
[WhiteElo "2315"]
[BlackElo "2657"]
[Annotator "TA"]
[PlyCount "199"]
[EventDate "2017.??.??"]
[EventCountry "ENG"]
[SourceTitle "playchess.com"]
[Source "ChessBase"]
[SourceQuality "1"]

{[%evp 19,199,13,20,2,22,17,37,27,38,37,60,16,20,17,59,8,29,13,76,7,7,7,18,0,0,0,0,0,0,-29,0,-54,-54,-54,-54,-54,-54,-54,-54,-49,-49,-56,-33,-31,-41,-32,-3,-5,0,0,0,0,0,0,0,-8,0,0,0,-5,0,0,0,0,0,0,0,0,0,0,0,0,0,0,0,0,0,0,0,0,0,0,0,0,0,0,0,0,0,0,0,0,0,0,0,0,0,0,0,0,0,0,0,0,0,0,0,0,0,0,0,0,0,0,0,0,0,0,0,0,0,0,0,0,0,0,0,0,0,0,0,0,0,0,0,0,0,0,0,0,0,0,0,0,0,0,0,0,0,0,0,0,0,0,0,0,0,0,0,0,0,0,0,0,0,0,0,0,0,0,0,0,0,0,0,0,0,0,0,0,0,0]} 1. d4 Nf6 2. c4 e6 3. Nc3 Bb4 4. e3 c5 5. Nge2 cxd4 6. exd4 d5 7. a3 Be7 8. Nf4 Nc6 {[%cal Bb8c6,Bc6a5,Ba5c4][%mdl 32] E42: Nimzo-Indian: Rubinstein: 4...c5 5 Ne2} (8... dxc4 9. Bxc4 O-O 10. Be3 Nc6 11. O-O Bd6 12. Nh5 Nd5 13. Bxd5 exd5 14. h3 Ne7 15. Bf4 Ng6 16. Bxd6 Qxd6 17. Re1 Be6 18. Qd2 Rfe8 19. Rac1 {½-½ (36) Nisipeanu,L (2668)-Lenic,L (2624) Bled 2016}) 9. Be3 O-O 10. cxd5 exd5 {LiveBook: 3 Games} 11. Be2 Be6 12. O-O Rc8 13. Qd3 $146 ({Predecessor:} 13. Rc1 Bd6 14. Qd2 Na5 15. Nxe6 fxe6 16. Rce1 Nc4 17. Bxc4 Rxc4 {½-½ (45) Pres,G (2310)-Safaev,A (2215) Moscow 1996}) 13... Na5 14. Rae1 Nc4 15. Bc1 Qb6 16. Nxe6 fxe6 17. Qh3 (17. Na4 $14 Qc6 18. Qh3) 17... Nxb2 $11 18. Bxb2 Qxb2 {[#]} 19. Qxe6+ ({Better is} 19. Nb5 $1 $16 Kh8 20. Bd3) 19... Kh8 20. Qxe7 Qxc3 21. Qxb7 Ne4 22. Bg4 ({Reject} 22. Qxd5 Nd2 $17) 22... Rcd8 23. Re3 Qxd4 {[#] Hoping for ...Rxf2!} 24. Rd1 Qa4 (24... Qc5 $5 {[%cal Re4f2]} 25. Qb4 Qc2 $17) 25. Qb3 ({White should try} 25. Be2 $11) 25... Qxb3 $15 26. Rxb3 Nxf2 27. Rd4 Nxg4 28. Rxg4 {[%mdl 4096] Endgame KRR-KRR} Rd7 29. Rd4 Kg8 30. Rb5 Rf5 31. Ra5 h5 32. Rda4 Re7 {[%cal Re7e1]} 33. g4 {The position is equal.} Re1+ 34. Kg2 Re2+ 35. Kg3 Re3+ 36. Kg2 hxg4 37. Rxg4 Re2+ 38. Kg3 Re3+ 39. Kg2 Re7 40. Rga4 Re2+ 41. Kg3 Re1 42. h4 Rg1+ 43. Kh2 Rg6 44. Rxa7 Rf2+ 45. Kh3 Rf1 {[%cal Rf1h1]} 46. Kh2 Rfg1 47. Rd4 R1g2+ 48. Kh1 R2g4 (48... R2g3 {feels hotter.} 49. Kh2 Rg2+) 49. Rxg4 Rxg4 $11 {KR-KR} 50. Rd7 Rxh4+ 51. Kg2 Rd4 52. a4 Kh7 53. a5 Kh6 54. Kf3 g5 55. Ke3 Re4+ 56. Kf3 Rf4+ 57. Kg3 Rd4 58. a6 Kh5 59. a7 Rd3+ 60. Kg2 Ra3 61. Rxd5 Kh4 62. Rd7 Ra2+ 63. Kg1 g4 64. Rb7 Kh3 65. Rc7 Ra1+ 66. Kf2 {[%cal Rc7h7]} g3+ 67. Kf3 {[%cal Rc7h7]} Ra3+ 68. Ke2 Ra2+ 69. Kf3 {[%cal Rc7h7]} Ra3+ 70. Ke2 Kh2 (70... g2 {is interesting.} 71. Rh7+ Kg3 72. Rg7+ Kh2 73. Rh7+ Kg1) 71. Rh7+ Kg1 72. Rb7 g2 73. Rg7 Ra6 74. Rb7 Ra5 (74... Kh1 $5 75. Rh7+ $8 Kg1 $11) 75. Re7 Ra2+ 76. Ke1 Ra4 (76... Kh2 $5 77. Rh7+ $8 Kg3 78. Rg7+ Kh3 79. Rh7+ Kg4 80. Rg7+ Kf3 81. Rf7+ Ke4 82. Re7+ Kf5 $11) 77. Ke2 Ra3 78. Ke1 Ra2 (78... Ra1+ {keeps more tension.} 79. Ke2 Ra3) 79. Rh7 Ra1+ 80. Ke2 Ra3 81. Re7 Ra5 82. Ke1 Kh2 83. Rh7+ Kg3 84. Rg7+ Kh2 {( -> ...Rxa7!)} (84... Kf3 $5 85. Rf7+ $8 Ke3 86. Re7+ Kf3 87. Rf7+ Ke3 88. Re7+ Kf3 89. Rf7+ $11) 85. Rh7+ Kg1 (85... Kg3 $5 86. Rg7+ $8 Kf3 87. Rf7+ Ke3 88. Re7+ Kf3 89. Rf7+ Ke3 90. Re7+ Kf3 91. Rf7+ $11) 86. Re7 Ra2 87. Rh7 Ra3 88. Ke2 Ra1 89. Re7 Ra2+ (89... Kh1 $5 90. Rh7+ $8 Kg1 $11) 90. Ke1 Kh2 {[%cal Rg2g1]} 91. Rh7+ Kg3 {[%cal Rg2g1]} 92. Rg7+ Kf3 93. Rf7+ Ke3 {[%cal Ra2a1]} (93... Kg4 $5 94. Rg7+ $8 Kf3 95. Rf7+ Ke3 96. Re7+ Kf3 97. Rf7+ $11) 94. Re7+ Kd3 {[%cal Rg2g1]} 95. Rg7 Rxa7 (95... Re2+ {with more complications.} 96. Kd1 Ra2 97. Ke1) 96. Rg3+ Ke4 {Strongly threatening ...Ra2.} 97. Rxg2 Ra1+ 98. Kf2 Ra2+ 99. Kg3 Rxg2+ 100. Kxg2 {Precision: White = 69%, Black = 73%.} 1/2-1/2

[Event "9th LCC FIDE Open 2017"]
[Site "London"]
[Date "2017.12.03"]
[Round "2"]
[White "Derakhshani, Borna"]
[Black "Grandelius, Nils"]
[Result "1/2-1/2"]
[WhiteElo "2298"]
[BlackElo "2647"]
[Annotator "TA"]
[PlyCount "81"]
[EventDate "2017.??.??"]
[EventCountry "ENG"]
[SourceTitle "playchess.com"]
[Source "ChessBase"]
[SourceQuality "1"]

{[%evp 14,81,16,0,7,1,-4,-24,-23,-23,-18,-23,-29,-25,-19,-18,-2,-1,41,-33,-46,-38,-33,-89,-72,-89,-95,-91,-93,-85,-67,-66,-62,-64,-57,-93,-69,-85,-88,-79,-86,-105,-87,-119,-106,-110,-105,-129,-89,-82,-68,-90,-90,-95,-58,-53,-40,-54,-45,-52,-48,-55,-61,-102,-106,-96,5,4,4,0]} 1. d4 Nf6 2. Bf4 c5 3. e3 g6 4. c3 Qb6 5. Qb3 Bg7 6. Nd2 {A45: Trompowsky Attack} O-O 7. Ngf3 d6 8. Bd3 {LiveBook: 3 Games} Nc6 9. Bg3 $146 ({Predecessor:} 9. O-O Bg4 10. h3 Bxf3 11. Nxf3 Rfe8 12. dxc5 Qxb3 13. axb3 e5 14. Bg5 {0-1 (39) Roos,D (2420)-Apicella,M (2560) France 1996}) 9... Be6 10. Qb5 cxd4 11. exd4 Qc7 12. O-O a6 13. Qa4 b5 14. Qd1 Na5 {[%cal Bc6a5,Ba5c4,Bc4b2][%mdl 32]} 15. Re1 Rab8 16. Ng5 (16. Rxe6 $14 fxe6 17. Ng5) 16... Bd5 $15 17. Qe2 Rfe8 18. f4 (18. Nf1 $15) 18... Nc4 $36 {[%mdl 2048] Black is really pushing.} 19. b3 Nb2 20. Rac1 Nxd3 21. Qxd3 Qd7 22. c4 bxc4 23. bxc4 Ba8 24. Nb3 h6 25. Nf3 Qg4 26. c5 Rbc8 27. cxd6 exd6 28. Rxc8 Qxc8 29. Rxe8+ Nxe8 30. f5 gxf5 31. d5 Qb7 32. Qe2 Nf6 33. Nh4 Qxd5 34. Qxa6 Ne4 {...Bd4+ is the strong threat.} 35. Qc8+ Bf8 {[#] ( -> ...Qd1+)} 36. Qxf5 Qd1+ 37. Qf1 Qc2 38. Nf5 Qxa2 39. Nbd4 Qd2 (39... Nxg3 $17 40. Nxg3 Qd2) 40. Bf4 $11 Qb2 41. Bxh6 {Precision: White = 36%, Black = 57%.} 1/2-1/2

[Event "9th LCC FIDE Open 2017"]
[Site "London"]
[Date "2017.12.03"]
[Round "2"]
[White "Risting, Eivind Olav"]
[Black "Melkumyan, Hrant"]
[Result "0-1"]
[WhiteElo "2279"]
[BlackElo "2633"]
[Annotator "TA"]
[PlyCount "140"]
[EventDate "2017.??.??"]
[EventCountry "ENG"]
[SourceTitle "playchess.com"]
[Source "ChessBase"]
[SourceQuality "1"]

{[%evp 26,140,25,25,27,25,25,12,18,25,18,6,6,0,37,25,43,24,41,45,49,34,43,-10,-10,-12,7,-12,-18,-16,0,0,0,-16,-2,-36,-10,-16,-16,-18,0,0,0,-11,0,0,34,-8,-8,-8,-8,-8,0,-15,-2,-12,0,0,0,0,0,0,0,0,0,0,0,0,0,0,0,0,0,-12,-12,-12,0,-12,-12,-12,-12,-79,-12,-12,0,-81,-25,-365,-75,-108,-85,-293,-288,-289,-289,-326,-285,-371,-364,-433,-282,-291,-289,-280,-277,-269,-107,-107,-107,-108,-108,-29976,-29979,-29979,-29980,-29980,-29974]} 1. e4 c6 2. d4 d5 3. exd5 cxd5 4. Bd3 Nc6 5. c3 Nf6 6. Bf4 Bg4 7. Qb3 Qd7 8. Nd2 e6 9. Ngf3 Bxf3 10. Nxf3 Bd6 11. Bxd6 Qxd6 12. O-O Rb8 {B13: Caro-Kann: Exchange Variation and Panov-Botvinnik Attack} (12... O-O 13. Rae1 Qc7 14. Qc2 Rac8 15. Qe2 a6 16. g3 b5 17. a3 Rfe8 18. Kg2 Rb8 19. h4 h6 20. Rh1 Nd7 21. Bb1 {0-1 (51) Kovalev,V (2636)-Riazantsev,A (2666) Sochi 2017}) 13. a4 O-O 14. Rfe1 {LiveBook: 7 Games} Nd7 {White has an edge.} 15. Qc2 g6 $146 ({Predecessor:} 15... h6 16. Qe2 Rfc8 17. Rad1 a6 18. Ne5 Ncxe5 19. dxe5 Qc5 20. Qg4 b5 21. axb5 axb5 {½-½ (67) Renner,C (2448)-Schaller,S (2308) Germany 1999}) 16. Qe2 a6 17. g3 Rfe8 18. Kg2 Kg7 19. Rad1 Qc7 20. h4 h5 21. Qe3 b5 22. axb5 axb5 23. Ng5 Nf6 24. Nf3 (24. b4 $14) 24... b4 $11 25. Rc1 bxc3 26. bxc3 Rb3 27. Qd2 Ra8 28. Rb1 Rba3 29. Rb2 Na5 30. Rc2 Rc8 {[%cal Ra3c3]} 31. Ne5 Nc6 32. Nf3 Qa5 33. Rb1 Ne7 {[%cal Rc8c3]} 34. Rbc1 Rb8 35. Ne5 Rbb3 36. Rb2 Qc7 {[%cal Rb3c3]} ({Don't blunder} 36... Rxc3 $2 37. Rb7 $18) 37. Rxb3 Rxb3 38. Qc2 Rb6 39. Qa4 Nc6 40. Nf3 Ng4 41. Rb1 Rxb1 42. Bxb1 Qb6 43. Bd3 Qb2 44. Qc2 Qa1 45. Ng5 Ne7 46. Nf3 Nc8 47. c4 dxc4 48. Bxc4 Ne7 49. Ba2 Nf5 50. Qd2 Kg8 51. Bb3 Qb1 52. Bc4 Qb7 53. Qd3 (53. Be2 $11 {remains equal.}) 53... Qb2 (53... Qc7 $17 54. Bb3 Nge3+ $1 {[%mdl 512]} 55. Kh2 Qb7) 54. Qe2 $1 {[%cal Re2b2]} Qb7 ({Black should try} 54... Qb6 $11) 55. Qd3 $17 Kg7 (55... Qc7 $17 56. Bb3 Nge3+ $1 {[%mdl 512]} 57. Kh2 Qb7) 56. Kg1 $2 {[%mdl 8192] [#]} (56. Qd2 $11) 56... Qc7 $2 (56... Nfe3 $1 $19 {[%mdl 512] has better winning chances.} 57. d5 (57. fxe3 Qxf3) 57... Qb2 58. Qd4+ Qxd4 59. Nxd4 Nxc4 60. dxe6 f5) 57. d5 Qc5 $40 {[%mdl 128] Black goes for the king.} 58. Qc3+ $2 {[#]} (58. Qc2 $17 {might work better.}) 58... e5 $1 $19 59. Qc2 {[#]} Nxg3 $1 60. Bb3 Qa7 {aiming for ...Ne4!} 61. Qb2 f6 62. d6 Nf5 63. Be6 {Threatens to win with d7.} Nxd6 64. Bxg4 hxg4 65. Nxe5 g3 $2 ({Not} 65... fxe5 66. Qxe5+ Kh6 67. Qf4+ Kg7 68. Qe5+ Kh6 69. Qf4+ Kg7 70. Qxd6 $11) (65... Qa4 $19 {is more deadly. White must now prevent ...Qd1+.} 66. f3 Qa7+ 67. Kg2 gxf3+ 68. Nxf3 Nf5) 66. Ng4 $17 Ne4 {Strongly threatening ...gxf2+.} 67. Kg2 gxf2 68. Nxf2 $2 {[%mdl 8192]} (68. Qc1 $17 Qb8 69. Qe3 f1=Q+ 70. Kxf1 Ng3+ 71. Kg2) 68... Qxf2+ {Black mates.} 69. Qxf2 Nxf2 70. Kxf2 Kh6 {Precision: White = 38%, Black = 39%.} 0-1

[Event "9th LCC FIDE Open 2017"]
[Site "London"]
[Date "2017.12.03"]
[Round "2"]
[White "Perez, Flavio"]
[Black "Cornette, Matthieu"]
[Result "0-1"]
[WhiteElo "2276"]
[BlackElo "2606"]
[Annotator "TA"]
[PlyCount "64"]
[EventDate "2017.??.??"]
[EventCountry "ENG"]
[SourceTitle "playchess.com"]
[Source "ChessBase"]
[SourceQuality "1"]

{[%evp 19,64,-31,-23,-28,-35,-40,-21,-18,-17,-31,-23,-27,-12,-26,-18,-16,8,-8,0,18,32,0,0,-40,-45,-39,-54,-62,-48,-85,-88,-89,-86,-88,-76,-88,-63,-222,-218,-310,-304,-637,-639,-1041,-1026,-1014,-1011]} 1. Nf3 d5 2. g3 Nf6 3. Bg2 c5 4. d3 Nc6 5. O-O Bg4 6. Nbd2 e6 7. e4 Be7 {A08: King's Indian Attack} 8. h3 Bh5 9. Re1 Qc7 (9... dxe4 10. dxe4 O-O 11. e5 Nd7 12. g4 Bg6 13. Nc4 Nb4 {1-0 (49) Caruana,F (2808)-Carlsen,M (2832) Paris 2017}) 10. c3 O-O {LiveBook: 3 Games} 11. Qc2 Rad8 12. Nf1 c4 13. dxc4 Nxe4 14. cxd5 exd5 15. Bf4 $146 Qc8 16. Ne5 Nxe5 17. Bxe5 Bg6 18. Qe2 Rfe8 {[%cal Bf8e8,Be8e7,Be7d7,Bd7d5][%mdl 32] Threatens to win with ...Bc5.} 19. Bd4 Bf5 20. Ne3 (20. h4 {is interesting.} Bc5 21. Qd1 Be6 22. Ne3 f5 23. Bf3) 20... Bxh3 21. Nxd5 Bxg2 ({Inferior is} 21... Rxd5 22. Bxe4 Rg5 23. Bxa7 $16) 22. Nxe7+ Rxe7 23. Kxg2 {[#] Hoping for f3.} Ng5 $1 {[%mdl 512]} 24. Qh5 (24. Qxe7 $2 {leads to mate.} Qh3+ 25. Kg1 Nf3#) 24... Qc6+ $1 $40 {[%mdl 128] White is in trouble.} 25. f3 Ne6 $1 26. Re4 Red7 {[%cal Re6d4]} 27. Rae1 h6 {[%cal Re6d4]} 28. Be3 $2 {[#]} (28. Qg4 $15) 28... Rd5 $1 $19 {[%cal Rd5h5]} 29. Qh3 {[#]} (29. Qh1 {might work better.}) 29... f5 $1 {[%cal Rf5e4]} 30. Rb4 $2 {[#]} (30. Rd4 Nxd4 31. Bxd4) 30... Rd2+ $1 {[%mdl 512] Black is clearly winning.} 31. Bf2 (31. Bxd2 Rxd2+) 31... Ng5 32. Qxf5 Rf8 {Precision: White = 33%, Black = 49%.} 0-1

[Event "9th LCC FIDE Open 2017"]
[Site "London"]
[Date "2017.12.03"]
[Round "2"]
[White "Merriman, John"]
[Black "Moussard, Jules"]
[Result "0-1"]
[WhiteElo "2263"]
[BlackElo "2576"]
[Annotator "TA"]
[PlyCount "76"]
[EventDate "2017.??.??"]
[EventCountry "ENG"]
[SourceTitle "playchess.com"]
[Source "ChessBase"]
[SourceQuality "1"]

{[%evp 22,76,9,18,23,18,23,14,53,46,46,52,54,39,49,42,47,17,47,25,34,26,25,36,27,0,0,0,8,0,8,-26,-11,-20,0,0,0,0,0,0,0,0,0,0,0,0,0,0,0,0,0,-18,-19,-122,-123,-886,-787]} 1. d4 Nf6 2. c4 e6 3. Nc3 Bb4 4. e3 O-O 5. Nge2 d5 6. a3 Be7 7. cxd5 exd5 8. Nf4 c6 9. Bd3 Na6 {E46: Nimzo-Indian: Rubinstein: 4 e3 0-0 5 Ne2 without early Bd3} 10. O-O Nc7 11. f3 (11. Qc2 Bd6 12. f3 Re8 13. Nce2 Qe7 14. Ng3 c5 15. Qf2 b6 16. Bd2 g6 17. dxc5 bxc5 {0-1 (28) Nakamura,H (2787)-Carlsen,M (2853) chess.com INT 2016}) 11... a5 12. Bd2 {LiveBook: 7 Games} c5 13. dxc5 Bxc5 {[#]} 14. Nce2 $146 ({Predecessor:} 14. Kh1 Ne6 15. e4 dxe4 16. Nxe4 Bd4 17. Qc2 h6 {1-0 (42) So,W (2706)-Van Wely,L (2693) Hoogeveen 2013}) 14... g5 15. Nh3 Bxh3 16. gxh3 Re8 {[%cal Bf8e8,Be8e7,Be7c7][%mdl 32]} 17. Nd4 Bxd4 18. exd4 Ne6 19. Kh1 Nh5 20. h4 Nhf4 21. Bb5 Re7 22. hxg5 Qb6 23. Bxf4 Nxf4 24. a4 Ne6 25. Re1 Rc7 26. Qb3 Qxd4 27. Rad1 Qh4 28. Qxd5 Rc2 $1 {[%csl Gc2][%cal Rh4h2] [#]} 29. Re2 Rxe2 30. Bxe2 Rd8 $40 {[%mdl 128] Black mounts an attack.} 31. Qe4 Rxd1+ 32. Bxd1 Qf2 {[%cal Rf2f1]} 33. Qe2 Qd4 34. Bb3 Nxg5 35. Kg2 Qd7 36. Kg1 Kf8 37. Bd1 (37. Qd1 $11 Qd4+ 38. Kh1) 37... Nh3+ $17 38. Kh1 $2 {[%mdl 8192] [#]} (38. Kf1 $17) 38... Qxd1+ $1 {[%mdl 512] Precision: White = 46%, Black = 65%.} 0-1